000
00289nam a2200121Ia 4500
008
220204s9999 xx 000 0 und d
082
_a
595.7
_b
HER.1
245
0
_a
Social insects. V 1.
260
_a
London
_b
Academic
_c
1979
650
_a
Insects
700
_a
HERMANN, Henry R
942
_c
BK
999
_c
33739
_d
33739